[Event "72nd ch-ARM"]
[Site "Yerevan ARM"]
[Date "2012.01.20"]
[Round "9"]
[White "Andriasian,Z"]
[Black "Ter Sahakyan,S"]
[Result "1/2-1/2"]
[WhiteElo "2624"]
[BlackElo "2569"]

1.e4 c5 2.Nf3 Nc6 3.Bb5 d6 4.O-O Bd7 5.Re1 Nf6 6.c3 Ne5 7.Bxd7+ Qxd7 8.d4 Nxf3+
9.Qxf3 cxd4 10.cxd4 e6 11.Nc3 Be7 12.e5 dxe5 13.dxe5 Nd5 14.Rd1 Rd8 15.Be3 b6
16.Rd3 O-O 17.Rad1 Qc7 18.Nxd5 Rxd5 19.Rxd5 exd5 20.Rxd5 Qc2 21.Qd1 Qxb2
22.a4 Qc3 23.h3 Bc5 24.Bxc5 bxc5 25.Rd8 g6 26.Rxf8+ Kxf8 27.Qd8+ Kg7 28.Qf6+ Kg8
29.Qd8+  1/2-1/2

[Event "10th Parsvnath Open"]
[Site "New Delhi IND"]
[Date "2012.01.21"]
[Round "9.48"]
[White "Bitoon,R"]
[Black "Nasir Ali,S"]
[Result "1-0"]
[WhiteElo "2515"]
[BlackElo "2061"]

1.e4 c5 2.Nf3 Nc6 3.Bb5 Nd4 4.Nxd4 cxd4 5.O-O a6 6.Bc4 e6 7.c3 dxc3 8.Nxc3 b5
9.Bb3 Bb7 10.Re1 Ne7 11.d4 d5 12.Qh5 dxe4 13.Bxe6 g6 14.Qe5 Rg8 15.Bb3 Bg7
16.Qf4 Rf8 17.Nxe4 Bd5 18.Bxd5 Qxd5 19.Nf6+ Bxf6 20.Qxf6 Ra7 21.Bg5 Qd7 22.Rxe7+ Qxe7
23.Qc6+  1-0

[Event "ch-Belgrade 2012"]
[Site "Belgrade SRB"]
[Date "2012.01.22"]
[Round "1.1"]
[White "Pikula,D"]
[Black "Dimic,P"]
[Result "1-0"]
[WhiteElo "2522"]
[BlackElo "2056"]

1.e4 c5 2.Nf3 Nc6 3.Bb5 Nf6 4.Nc3 Qc7 5.O-O a6 6.Bxc6 dxc6 7.h3 e5 8.d3 Be7
9.b3 O-O 10.Bb2 Re8 11.Ne2 Nd7 12.Ng3 f6 13.Nf5 Nf8 14.N3h4 g6 15.Nxe7+ Rxe7
16.f4 exf4 17.Bxf6 Rf7 18.Bb2 Qd8 19.Nf3 Ne6 20.Qd2 g5 21.Ne5 Rf8 22.Ng4 h5
23.Nh6+ Kh7 24.Nf5 Nd4 25.Nxd4 cxd4 26.Qb4 g4 27.hxg4 hxg4 28.Qxd4 Qg5 29.g3 f3
30.Rf2 Qe7 31.Rh2+ Kg6 32.Kf2 Rd8 33.Qc3 Rg8 34.Rah1  1-0

[Event "TCh-LTU 2012"]
[Site "Lithuania LTU"]
[Date "2012.01.22"]
[Round "2"]
[White "Tamosiunas,T"]
[Black "Stremavicius,T"]
[Result "1/2-1/2"]
[WhiteElo "2009"]
[BlackElo "2184"]

1.e4 c5 2.Nf3 Nc6 3.Bb5 d6 4.O-O Bd7 5.Re1 a6 6.Bf1 Bg4 7.c3 g6 8.h3 Bxf3
9.Qxf3 Bg7 10.d3 e5 11.Na3 b5 12.Nc2 Rb8 13.Qd1 Nge7 14.Be3 f5 15.f3 Qb6
16.b4 O-O 17.Qd2 f4 18.Bf2 Rbc8 19.Rad1 Rfd8 20.a3 g5 21.Na1 Ng6 22.Nb3 Nb8
23.d4 exd4 24.cxd4 c4 25.d5 Qc7 26.Nd4 Bxd4 27.Bxd4 Nd7 28.Qc3 Nde5 29.Ra1 Ra8
30.a4 Qg7 31.axb5 axb5 32.Rxa8 Rxa8 33.Ra1 Qb7 34.Ra3 Kg7 35.Qa1 Rxa3 36.Qxa3 h5
37.Kf2 Kh6 38.Qa7 Qc8 39.Bc3 g4 40.hxg4 hxg4 41.Qb6 Qd7 42.Qb8 Qe7 43.Ke2 Qd7
44.Bd2 Nd3 45.Kd1 Kg5 46.Kc2 Nde5 47.Be2 gxf3 48.gxf3 Nh4 49.Qf8 Neg6 50.Qb8 Ng2
51.Qb6 Kf6 52.Qf2 Qh3 53.Qb6 Qd7 54.Qf2 Qh3  1/2-1/2

[Event "10th Parsvnath Open"]
[Site "New Delhi IND"]
[Date "2012.01.23"]
[Round "11.38"]
[White "Saravana,Kr"]
[Black "Swaraj,P"]
[Result "1-0"]
[WhiteElo "2313"]
[BlackElo "2096"]

1.e4 c5 2.Nf3 Nc6 3.Bb5 g6 4.Bxc6 dxc6 5.d3 Bg7 6.h3 e5 7.Be3 b6 8.Qd2 Ne7
9.Bh6 Bf6 10.Nc3 Qd6 11.O-O-O Be6 12.Nh2 Qd7 13.f4 Rg8 14.Nf3 exf4 15.Bxf4 O-O-O
16.Rhf1 Qb7 17.Bg5 Bg7 18.Bh6 f6 19.Bxg7 Rxg7 20.Kb1 Qa6 21.Qe3 Ng8 22.a3 Re7  1-0

[Event "10th Parsvnath Open"]
[Site "New Delhi IND"]
[Date "2012.01.23"]
[Round "11.37"]
[White "Mugil,J"]
[Black "Rajesh,VA"]
[Result "0-1"]
[WhiteElo "2065"]
[BlackElo "2338"]

1.e4 c5 2.Nf3 Nc6 3.Bb5 g6 4.O-O Bg7 5.Re1 Nf6 6.e5 Nd5 7.Nc3 Nc7 8.Bxc6 bxc6
9.Ne4 Ne6 10.d3 O-O 11.Be3 d6 12.Qd2 Re8 13.Bh6 Bh8 14.Neg5 f6 15.Nxe6 Bxe6
16.Re3 Bg4 17.Rae1 Bxf3 18.Rxf3 fxe5 19.h4 Bf6 20.h5 Qd7 21.hxg6 hxg6 22.Re4 Kf7
23.c4 Qe6 24.g4 Kg8  0-1

[Event "Gibraltar Open"]
[Site "Caleta ENG"]
[Date "2012.01.24"]
[Round "1.86"]
[White "Weber,Franc ESP"]
[Black "Helin,M"]
[Result "1-0"]
[WhiteElo "2155"]
[BlackElo "1935"]

1.e4 c5 2.Nf3 Nc6 3.Bb5 Na5 4.d4 a6 5.Be2 cxd4 6.O-O Qc7 7.Nxd4 Nf6 8.Nc3 e6
9.Bg5 h5 10.Bxf6 gxf6 11.h4 b5 12.Bf3 Qe5 13.g3 Bc5 14.Nce2 Bb7 15.c3 Nc4
16.Nf4 Rg8 17.Bg2 Qc7 18.Qe2 O-O-O 19.b3 Na3 20.Rac1 f5 21.e5 f6 22.Bxb7+ Kxb7
23.Qf3+ Kb8 24.exf6 Rg4 25.Kh1 Qb7 26.Qxb7+ Kxb7 27.Nf3 Bd6 28.Nd3 Rg6 29.f7 Be7
30.Nf4 Rg7 31.Nxh5 Rxf7 32.Rfe1 Rh8 33.Nf4 Rg7 34.Re2 Bf6 35.Kh2 Rh6 36.Re3 a5
37.Ng2 b4 38.c4 Bc3 39.Rd1 Kc7 40.Nf4  1-0

[Event "ch-Belgrade 2012"]
[Site "Belgrade SRB"]
[Date "2012.01.25"]
[Round "4.7"]
[White "Govedarica,R"]
[Black "Dimitrijevic,R"]
[Result "1-0"]
[WhiteElo "2394"]
[BlackElo "2259"]

1.e4 c5 2.Nf3 Nc6 3.Bb5 Na5 4.c3 a6 5.Ba4 e6 6.d4 cxd4 7.cxd4 Nf6 8.e5 Nd5
9.O-O Be7 10.Nc3 Nxc3 11.bxc3 b5 12.Bc2 Bb7 13.a4 Nc4 14.Nd2 Nxd2 15.Bxd2 Bc6
16.Qg4 g6 17.Bh6 Bf8 18.Qf4 g5 19.Qxg5 Qxg5 20.Bxg5 Rg8 21.axb5 axb5 22.Rxa8+ Bxa8
23.Ra1 Bd5 24.Bf4 Rxg2+ 25.Kf1 Rg4 26.Bg3 b4 27.h3 Rg8 28.cxb4 Bxb4 29.Rb1 Bc4+
30.Kg2 Be7 31.Rb8+ Bd8 32.Be4  1-0

[Event "ch-Belgrade 2012"]
[Site "Belgrade SRB"]
[Date "2012.01.25"]
[Round "4.13"]
[White "Radlovacki,J"]
[Black "Petrovic,ZoZ"]
[Result "1/2-1/2"]
[WhiteElo "2421"]
[BlackElo "2112"]

1.e4 c5 2.Nf3 Nc6 3.Bb5 g6 4.Bxc6 dxc6 5.d3 Bg7 6.h3 e5 7.Be3 Qe7 8.Qd2 Nf6
9.Na3 Nd7 10.Bh6 Bxh6 11.Qxh6 f6 12.O-O Nf8 13.c3 Ne6 14.Nc4 Nf4 15.d4 Be6
16.Ncd2 cxd4 17.cxd4 Ne2+ 18.Kh1 Nxd4 19.Nxd4 exd4 20.Nf3 O-O-O 21.Rfd1 Bc4  1/2-1/2

[Event "Gibraltar Open"]
[Site "Caleta ENG"]
[Date "2012.01.27"]
[Round "4.71"]
[White "Nezad,H"]
[Black "Weeramantry,S SRI"]
[Result "1-0"]
[WhiteElo "2402"]
[BlackElo "2183"]

1.e4 c5 2.Nf3 Nc6 3.Bb5 g6 4.Bxc6 dxc6 5.d3 Bg7 6.h3 Nf6 7.Nc3 Nd7 8.Be3 e5
9.Qd2 Qe7 10.Bh6 f6 11.Bxg7 Qxg7 12.Nh2 Nf8 13.f4 exf4 14.Qxf4 Ne6 15.Qf2 O-O
16.Nf3 Bd7 17.O-O-O Rad8 18.g4 b5 19.Kb1 Nd4 20.Nxd4 cxd4 21.Ne2 c5 22.Rdf1 Qe7
23.Nf4 Bc6 24.Qd2 c4 25.Rh2 Qe5 26.Rhf2 c3 27.Qe1 Rd6 28.h4 Qc5 29.g5 Re8
30.gxf6 Rxf6 31.Ne2 Qb4 32.Qc1 Rxf2 33.Rxf2 cxb2 34.Qf1 a5 35.h5 Bd7 36.hxg6 Be6
37.Nf4 hxg6 38.Qg1 Kg7 39.Qxg6+  1-0

[Event "Gibraltar Open"]
[Site "Caleta ENG"]
[Date "2012.01.27"]
[Round "4.30"]
[White "Kuipers,S"]
[Black "Ikonnikov,Vy"]
[Result "1-0"]
[WhiteElo "2391"]
[BlackElo "2531"]

1.e4 c5 2.Nf3 Nc6 3.Bb5 g6 4.Bxc6 dxc6 5.d3 Bg7 6.h3 b6 7.O-O Nh6 8.a4 f6
9.a5 Rb8 10.axb6 axb6 11.e5 fxe5 12.Bxh6 Bxh6 13.Qe2 Bg7 14.Nxe5 Qc7 15.Re1 O-O
16.Nd2 Rf6 17.Ndf3 h6 18.Ra4 Bf5 19.g4 b5 20.Ra3 b4 21.Ra4 Be6 22.c4 Rbf8
23.Qe4 Bc8 24.Nh4 Re6 25.Nhxg6 Rff6 26.Nf4 Rxf4 27.Qxf4 Bxe5 28.Rxe5 Rxe5
29.Kg2 h5 30.Ra8 hxg4 31.Qxg4+ Kh7 32.Rxc8 Qd6 33.Qg8+ Kh6 34.Qh8+ Kg6 35.Rg8+ Kf7
36.Qh7+  1-0

[Event "11th Marienbad Open"]
[Site "Marianske Lazne CZE"]
[Date "2012.01.27"]
[Round "8"]
[White "Grillich,A"]
[Black "Frantsuzova,L"]
[Result "1/2-1/2"]
[WhiteElo "1960"]
[BlackElo "1796"]

1.e4 c5 2.Nf3 Nc6 3.Bb5 Nd4 4.Nxd4 cxd4 5.Be2 e5 6.d3 Bb4+ 7.Bd2 Qa5 8.c3 dxc3
9.Nxc3 Nf6 10.a3 Be7 11.Nd5 Qd8 12.Nxe7 Qxe7 13.O-O O-O 14.Bb4 d6 15.f4 Nd7
16.Rc1 a5 17.Bc3 Nc5 18.f5 f6 19.b4 axb4 20.Bxb4 Bd7 21.Bxc5 dxc5 22.Qb3+ Kh8
23.Qxb7 Rxa3 24.Ra1 Rxa1 25.Rxa1 Qd6 26.Ra7 Rd8 27.Qc7 Qf8 28.Ra5 g6 29.fxg6 hxg6
30.Qxc5 Qxc5+ 31.Rxc5 Kg7 32.Rd5 Kf7 33.Bg4 Ke7 34.Rxd7+ Rxd7 35.Bxd7 Kxd7
36.Kf2 Kd6 37.Ke3 Kc5 38.g3 Kd6 39.d4 exd4+ 40.Kxd4 Ke6 41.Ke3 Ke5 42.Kf3 g5
43.h3 f5 44.exf5 Kxf5 45.Ke3 Ke5 46.Kd3 Kd5 47.Ke3 Ke5 48.Kf3 Kf5 49.g4+ Ke5
50.Kg3 Kf6 51.h4 gxh4+ 52.Kxh4 Kg6  1/2-1/2

[Event "17th HIT Open A"]
[Site "Nova Gorica SLO"]
[Date "2012.01.27"]
[Round "1"]
[White "Pecchiari,Alberto"]
[Black "Khudovekov,Stanislav"]
[Result "0-1"]
[WhiteElo "1680"]
[BlackElo "2088"]

1.e4 c5 2.Nf3 Nc6 3.Bb5 Na5 4.O-O a6 5.Be2 d6 6.c3 Nf6 7.Qc2 Qc7 8.d4 cxd4
9.Nxd4 e5 10.Nf3 Be7 11.h3 O-O 12.Be3 b5 13.Nbd2 Bb7 14.Bd3 Nc4 15.Bg5 h6
16.Bxf6 Bxf6 17.Nxc4 bxc4 18.Be2 d5 19.exd5 Bxd5 20.Nd2 Rab8 21.Bf3 Be6 22.Be4 Be7
23.Bf3 f5 24.g3 e4 25.Bg2 Bc5 26.Rad1 Qxg3  0-1

[Event "ch-Belgrade 2012"]
[Site "Belgrade SRB"]
[Date "2012.01.28"]
[Round "7.1"]
[White "Pikula,D"]
[Black "Radovanovic,D"]
[Result "1-0"]
[WhiteElo "2522"]
[BlackElo "2367"]

1.e4 c5 2.Nf3 Nc6 3.Bb5 g6 4.Bxc6 bxc6 5.O-O Bg7 6.Re1 Nh6 7.c3 O-O 8.d4 Qb6
9.h3 f6 10.b3 d6 11.Be3 cxd4 12.cxd4 Bd7 13.Nc3 Qa5 14.Rc1 Qh5 15.Ne2 g5
16.Ng3 Qg6 17.d5 Rfc8 18.dxc6 Rxc6 19.Rxc6 Bxc6 20.Nd4 Bd7 21.Ndf5 Re8 22.Bxa7 Nf7
23.Re3 Bf8 24.h4 h6 25.h5 Qh7 26.Rc3 e6 27.Rc7 Rd8 28.Ne3 Ne5 29.Qc2 Qf7
30.Bd4 Qe8 31.Bxe5 dxe5 32.Ng4 Kg7 33.Qd3 Bb4 34.a4 Qe7 35.Ne3 Bd6 36.Rb7 Kg8
37.Ngf5 exf5 38.Nxf5 Bxf5 39.Rxe7 Bxe7 40.Qc4+ Kf8 41.exf5 Rd1+ 42.Kh2 Rd4
43.Qc8+  1-0

[Event "Moscow Open Women 2012"]
[Site "Moscow RUS"]
[Date "2012.01.28"]
[Round "1.60"]
[White "Shuvalova,Polina"]
[Black "Ibrahimova,S"]
[Result "0-1"]
[WhiteElo "1581"]
[BlackElo "2070"]

1.e4 c5 2.Nf3 Nc6 3.Bb5 g6 4.c3 Nf6 5.e5 Nd5 6.d4 cxd4 7.O-O Bg7 8.cxd4 O-O
9.Nc3 Nc7 10.Bc4 d6 11.Bf4 dxe5 12.dxe5 Bg4 13.Re1 Ne6 14.Bxe6 fxe6 15.Bg3 Qb6
16.h3 Bxf3 17.gxf3 Rad8 18.Qa4 Nd4 19.Red1 Nxf3+ 20.Kg2 Bxe5 21.Rxd8 Rxd8
22.Qe4 Bxg3 23.Kxg3 Rf8  0-1

[Event "Moscow Open Women 2012"]
[Site "Moscow RUS"]
[Date "2012.01.28"]
[Round "1.14"]
[White "Dyakonova,Ekaterina"]
[Black "Manakova,M"]
[Result "0-1"]
[WhiteElo "1927"]
[BlackElo "2319"]

1.e4 c5 2.Nf3 Nc6 3.Bb5 d6 4.Bxc6+ bxc6 5.O-O e5 6.h3 Be7 7.c3 f5 8.Qa4 Qc7
9.d3 Nf6 10.Nbd2 a5 11.Re1 fxe4 12.Nxe4 O-O 13.Nxf6+ Rxf6 14.d4 cxd4 15.cxd4 Rg6
16.Kh1 Be6 17.dxe5 Bd5 18.exd6 Bxd6 19.Nh4 Qd7 20.Re3 Rf6 21.Rd3 Rxf2 22.Bd2 Raf8
23.Qd1 Bc7 24.Bc3 Qd6  0-1

[Event "Moscow Open Women 2012"]
[Site "Moscow RUS"]
[Date "2012.01.28"]
[Round "1.31"]
[White "Kharmunova,N"]
[Black "Ponomarchuk,Anastasia"]
[Result "1-0"]
[WhiteElo "2215"]
[BlackElo "1805"]

1.e4 c5 2.Nf3 Nc6 3.Bb5 g6 4.Bxc6 dxc6 5.d3 Bg7 6.h3 Nf6 7.Nc3 O-O 8.Be3 b6
9.Qd2 Ba6 10.Bh6 Qc7 11.O-O-O Rfd8 12.Bxg7 Kxg7 13.e5 Nd5 14.Nxd5 cxd5 15.Qf4 c4
16.Ng5 Rf8 17.Qxf7+ Rxf7 18.Ne6+ Kg8 19.Nxc7 Rc8 20.Nxa6 cxd3 21.Rxd3 Rxf2
22.Rd2 Rxd2 23.Kxd2 Rc4 24.a3 Rf4 25.Re1 Rd4+ 26.Kc3 Rc4+ 27.Kd3 Kg7 28.e6 Kf6
29.Nb4 Rc5 30.Kd4 Rc4+ 31.Kxd5 Rc5+ 32.Kd4  1-0

[Event "TCh-BEL 2011-12"]
[Site "Anderlecht BEL"]
[Date "2012.01.29"]
[Round "7.2"]
[White "Bok,B"]
[Black "De Wit,M"]
[Result "1-0"]
[WhiteElo "2488"]
[BlackElo "2308"]

1.e4 c5 2.Nf3 Nc6 3.Bb5 g6 4.Bxc6 bxc6 5.O-O Bg7 6.Re1 d6 7.e5 Bg4 8.exd6 Qxd6
9.h3 Bf5 10.Na3 Nf6 11.Nc4 Qc7 12.d3 Nd5 13.Nfd2 a6 14.Nb3 Qa7 15.Nd6+ Kf8
16.Nxf5 gxf5 17.c4 Nb6 18.Qf3 Na4 19.Bg5 e6 20.Qxc6 Nxb2 21.Nxc5 Nxd3 22.Qd6+ Kg8
23.Nxd3 Bxa1 24.Rxa1  1-0

[Event "Gibraltar Open"]
[Site "Caleta ENG"]
[Date "2012.01.29"]
[Round "6.62"]
[White "Ansell,S"]
[Black "Seps,M"]
[Result "1/2-1/2"]
[WhiteElo "2373"]
[BlackElo "2182"]

1.e4 c5 2.Nf3 Nc6 3.Bb5 d6 4.O-O Bd7 5.Re1 Nf6 6.h3 a6 7.Bf1 e5 8.c3 Be7
9.d4 Qc7 10.d5 Na5 11.Nbd2 b5 12.b3 O-O 13.Bd3 c4 14.Bf1 cxb3 15.axb3 Rfc8
16.Ba3 Bd8 17.Rc1 Qb8 18.g3 Ne8 19.h4 Bg4 20.Be2 Bb6 21.Nh2 Bd7 22.Bg4 Qa7
23.Qe2 Nf6 24.Bxd7 Qxd7 25.Kg2 Nb7 26.c4 Nc5 27.Rc2 Rab8 28.Rec1 bxc4 29.Rxc4 a5
30.R1c3 g6 31.Qf3 Kg7 32.Bb2 Re8 33.g4 Qd8 34.Qg3 Kh8 35.f4 Nfd7 36.Nhf3 f6
37.g5 Kg8 38.gxf6 exf4 39.f7+ Kxf7 40.Qxf4+ Kg8 41.Qh6 Rb7 42.Ng5 Ne5 43.Rg3 Ncd3
44.Bxe5 Nxe5 45.Rc1 Be3 46.Rc2 Bf4 47.h5 Bxg3 48.Kxg3 Qb6 49.Ndf3 Qe3 50.hxg6 Nxg6
51.Qh3 Nf8 52.Qh5 Rg7 53.Kh2 Qf4+ 54.Kh1 Rb8 55.Rc3 a4 56.bxa4 Qg3 57.Rc1 Rb2
58.Rg1 Qf2 59.Qh3 Ra2 60.Rf1 Qe2 61.Nd4 Qxf1+ 62.Qxf1 Rxg5 63.Qf6 Ra1+ 64.Kh2 Ra2+
65.Kh3 Rg6 66.Qd8 Ra1 67.Kh2 Ra2+ 68.Kh3 Ra1 69.Kh2  1/2-1/2

[Event "Gibraltar Open"]
[Site "Caleta ENG"]
[Date "2012.01.29"]
[Round "6.55"]
[White "Duport,N SUI"]
[Black "Ikonnikov,Vy"]
[Result "0-1"]
[WhiteElo "2200"]
[BlackElo "2531"]

1.e4 c5 2.Nf3 Nc6 3.Bb5 g6 4.Bxc6 dxc6 5.d3 Bg7 6.h3 Nh6 7.O-O f6 8.Be3 b6
9.a4 Nf7 10.a5 Ba6 11.Nc3 O-O 12.Na4 f5 13.exf5 gxf5 14.b4 f4 15.Bxf4 cxb4
16.Re1 c5 17.Ne5 Bb7 18.Qg4 Qd4 19.Qg3 Nd6 20.Bd2 Nf5 21.Qh2 b5 22.c3 Qd5
23.Nb2 Nh4 24.f3 Rxf3 25.Bg5 Nxg2 26.Nxf3 Nxe1 27.Nxe1 Qxg5+  0-1

[Event "TCh-CZE Liga 1 Zapad"]
[Site "Czech Rep CZE"]
[Date "2012.01.29"]
[Round "7.1"]
[White "Rasik,V"]
[Black "Docekal,J"]
[Result "1-0"]
[WhiteElo "2473"]
[BlackElo "2307"]

1.e4 c5 2.Nf3 Nc6 3.Bb5 g6 4.Bxc6 bxc6 5.O-O Bg7 6.Re1 d6 7.c3 Bg4 8.d3 Bxf3
9.Qxf3 Qd7 10.Nd2 e5 11.Nc4 Ne7 12.Qg3 f6 13.f4 d5 14.Na5 O-O 15.fxe5 fxe5
16.Bg5 c4 17.Qh4 Qc7 18.dxc4 Qxa5 19.Bxe7 Rf4 20.Qh3 Rf7 21.Bd6 Re8 22.b4 Qd8
23.c5 Bf8 24.Bxf8 Rexf8 25.Qe6 Qg5 26.exd5 Qd2 27.d6 h6 28.h3 Kh7 29.Qxe5 Rf2
30.Qg3 R8f5 31.Re7+ Kh8 32.Rae1  1-0

[Event "Moscow Open F 2012"]
[Site "Moscow RUS"]
[Date "2012.01.29"]
[Round "2.13"]
[White "Pakhomov,R"]
[Black "Yarullina,A"]
[Result "1-0"]
[WhiteElo "1981"]
[BlackElo "2109"]

1.e4 c5 2.Nf3 Nc6 3.Bb5 d6 4.c3 Nf6 5.Qe2 e5 6.d4 cxd4 7.cxd4 Bd7 8.dxe5 dxe5
9.O-O Qc7 10.Nc3 Be7 11.Bg5 O-O 12.Bxf6 Bxf6 13.Nd5 Qa5 14.Nxf6+ gxf6 15.Bxc6 Bxc6
16.Nh4 Qb4 17.Rfe1 Rad8 18.Qf3 Rfe8 19.Re3 Re6 20.Qg4+ Kf8 21.Nf5 Qxb2 22.Qg7+ Ke8
23.Qg8+  1-0

[Event "17th HIT Open A"]
[Site "Nova Gorica SLO"]
[Date "2012.01.29"]
[Round "5"]
[White "Tomasev,N"]
[Black "Kokol,P"]
[Result "0-1"]
[WhiteElo "2035"]
[BlackElo "2271"]

1.e4 c5 2.Nf3 Nc6 3.Bb5 g6 4.Bxc6 dxc6 5.h3 Bg7 6.Nc3 Nh6 7.d3 f6 8.Be3 b6
9.Qd2 Nf7 10.Nh2 Qc7 11.O-O-O Bd7 12.Kb1 O-O-O 13.f4 e5 14.Nf3 h6 15.Rhf1 Be6
16.Nh4 g5 17.fxg5 hxg5 18.Nf5 Nd6 19.Qe2 Rh7 20.Qf3 Nxf5 21.exf5 Bf7 22.Bxg5 fxg5
23.f6 Bf8 24.Qf5+ Kb7 25.Qxg5 c4 26.Qf5 Rh4 27.dxc4 Rf4 28.Qg5 Bxc4 29.Rfe1 Rxd1+
30.Rxd1 Bb4 31.g4 e4 32.Nxe4 Rxe4 33.Qf5 Rf4 34.Qg6 Be2 35.Rg1 Qd6 36.a3 Qxf6
37.Qxf6 Rxf6 38.axb4 Rf1+ 39.Rxf1 Bxf1 40.h4 Kc7 41.h5 Bg2 42.Kc1 Kd6 43.Kd2 Bf3
44.h6 Be4 45.c4 Ke5 46.Ke3 a6 47.b5 axb5 48.cxb5 c5 49.b3 Bc2 50.Kd2 Bh7
51.Kc3 Kd5 52.g5 Bg6 53.Kd2 Kd4 54.Ke2 Kc3 55.Ke3 Kxb3 56.Kf4 c4 57.Ke5 c3
58.Kf6 c2 59.Kxg6 c1=Q 60.h7 Qc2+ 61.Kh6 Qc3 62.g6 Qf6  0-1

[Event "ch-TUR 2012"]
[Site "Kemer TUR"]
[Date "2012.01.30"]
[Round "3"]
[White "Sanal,V"]
[Black "Tasan,M"]
[Result "1-0"]
[WhiteElo "2278"]
[BlackElo "1989"]

1.e4 c5 2.Nf3 Nc6 3.Bb5 d6 4.O-O Bd7 5.c3 Nf6 6.Re1 e6 7.d4 Qb6 8.Bf1 Be7
9.d5 Nb8 10.Na3 e5 11.Nc4 Qd8 12.a4 Bg4 13.g3 Qd7 14.Ne3 O-O 15.Nxg4 Qxg4
16.h3 Qd7 17.Nd2 Na6 18.Nc4 Ne8 19.Bg2 Nac7 20.f4 f6 21.Be3 g6 22.b4 cxb4
23.cxb4 Na6 24.Qb3 b6 25.Kh2 Kg7 26.h4 exf4 27.Bxf4 g5 28.Bd2 Rc8 29.Ne3 h5
30.Bf3 g4 31.Be2 Nac7 32.Nf5+ Kg6 33.Qe3 Rh8 34.Bd3 Bf8  1-0

[Event "ch-TUR w 2012"]
[Site "Kemer TUR"]
[Date "2012.01.30"]
[Round "3"]
[White "Vatansever,Buse"]
[Black "Ozbay,Ece"]
[Result "1-0"]
[WhiteElo "1612"]
[BlackElo "1336"]

1.e4 c5 2.Nf3 Nc6 3.Bb5 g6 4.Bxc6 dxc6 5.h3 Bg7 6.d3 Bd7 7.Nc3 Nf6 8.Be3 b6
9.Qd2 O-O 10.O-O Qc7 11.Bh6 Rad8 12.Bxg7 Kxg7 13.Nh2 Be6 14.f4 b5 15.Qe3 c4
16.f5 Bc8 17.dxc4 bxc4 18.Ng4 Nxg4 19.hxg4 Qe5 20.Rf3 a5 21.Raf1 Rd6 22.Rh3 Qd4
23.Rf2 Qxe3 24.Rxe3 Rd4 25.Ne2 Rd2 26.Nf4 Rfd8 27.Ree2 Rxe2 28.Rxe2 Rd4 29.Nh3 c5
30.Kf2 Bb7 31.Kf3 Rd6 32.Ke3 a4 33.Ng5 Rd4 34.Kf4 h6 35.Nh3 Kf6 36.Kf3 Ke5
37.Nf2 h5 38.fxg6 fxg6 39.gxh5 gxh5 40.g4 h4 41.g5 h3 42.Kg3 h2 43.Kxh2 Kf4
44.Nh3+ Kf3 45.Rf2+ Kxe4 46.g6 Ke5 47.Rf7 Rd2+ 48.Nf2 Bd5 49.Rf8 Rxc2 50.g7 Rxb2
51.Kg3 Rb1 52.Ng4+ Kd4 53.Rd8 Rg1+ 54.Kh4 Ke4 55.Rxd5 Kf4 56.Rf5+ Kxf5 57.g8=Q Rh1+
58.Kg3 Rg1+ 59.Kf3 c3 60.Ne3+ Ke5 61.Qxg1 Kd4 62.Qd1+ Ke5 63.Qxa4 e6 64.Qf4+  1-0

[Event "Moscow Open 2012 A"]
[Site "Moscow RUS"]
[Date "2012.01.30"]
[Round "3.43"]
[White "Deepan,C"]
[Black "Khabarov,Sergey"]
[Result "1-0"]
[WhiteElo "2495"]
[BlackElo "2348"]

1.e4 c5 2.Nf3 Nc6 3.Bb5 g6 4.Bxc6 dxc6 5.d3 Bg7 6.h3 Nf6 7.Nc3 O-O 8.Be3 b6
9.Qd2 Re8 10.Bh6 e5 11.O-O Nh5 12.Ne2 Qd6 13.Bxg7 Kxg7 14.a3 a5 15.Qc3 f6
16.g4 Nf4 17.Nxf4 exf4 18.e5 fxe5 19.Rfe1 Ra7 20.Nxe5 Qf6 21.g5 Qxg5+ 22.Ng4+ Kf7
23.Rxe8 Bxg4 24.h4 Qxh4 25.Qh8 Qh6 26.Rae1 Bf3 27.Qg8+ Kf6 28.Qe6+ Kg5 29.Re5+ Kh4
30.Kh2 Rf7 31.Qh3+  1-0

[Event "Moscow Open Women 2012"]
[Site "Moscow RUS"]
[Date "2012.01.30"]
[Round "3.49"]
[White "Vasilieva,Aisena"]
[Black "Khropova,L"]
[Result "0-1"]
[WhiteElo "1693"]
[BlackElo "2041"]

1.e4 c5 2.Nf3 Nc6 3.Bb5 g6 4.Bxc6 dxc6 5.O-O Bg7 6.Nc3 Bg4 7.h3 Bxf3 8.Qxf3 Nf6
9.d3 O-O 10.Be3 Nd7 11.Qg3 b5 12.Nd1 a5 13.f4 a4 14.a3 b4 15.Rb1 Rb8 16.Nf2 Rb7
17.f5 Be5 18.Qh4 Bf6 19.Bg5 Qb8 20.axb4 Rxb4 21.Ng4 Rxb2 22.Rbc1 Bxg5 23.Qxg5 f6
24.Qh6 g5 25.h4 gxh4 26.Qxh4 Ne5 27.Nh6+ Kh8 28.Qh5 Qe8 29.Qh3 Nf7 30.Ng4 Rg8
31.Qh4 Rg5 32.Rf3 Qg8 33.Rg3 a3 34.Ra1 a2 35.Kh2 Qb8 36.Ne3 Rb1 37.Rxa2 Rxg3  0-1

[Event "Gibraltar Open"]
[Site "Caleta ENG"]
[Date "2012.01.31"]
[Round "8.35"]
[White "Ansell,S"]
[Black "Ikonnikov,Vy"]
[Result "0-1"]
[WhiteElo "2373"]
[BlackElo "2531"]

1.e4 c5 2.Nf3 Nc6 3.Bb5 g6 4.O-O Bg7 5.c3 e5 6.Na3 Nge7 7.Nc4 O-O 8.Nd6 a6
9.Bd3 Qc7 10.Nxc8 Raxc8 11.Bc2 d5 12.d3 h6 13.exd5 Nxd5 14.Nd2 Rcd8 15.Qf3 Nce7
16.a4 b5 17.axb5 axb5 18.Re1 f5 19.Nf1 Kh7 20.g3 b4 21.Bd2 c4 22.dxc4 Qxc4
23.Qe2 Qxe2 24.Rxe2 bxc3 25.bxc3 e4 26.Ra7 Nc6 27.Rb7 Rb8 28.Rxb8 Rxb8 29.Ne3 Nxc3
30.Bxc3 Bxc3 31.Bd1 Rb1 32.Rc2 Nd4 33.Ra2 Bd2 34.Ra7+ Kh8 35.Ra8+ Kg7 36.Ra7+ Kf8
37.Ra8+ Ke7 38.Ra7+ Kf6 39.Ra6+ Kf7 40.Ra7+ Kf6 41.Ra6+ Kf7 42.Ra7+ Kf8 43.Ra8+ Ke7
44.Ra7+ Kd8 45.Kg2 Bxe3 46.fxe3 Rxd1 47.exd4 Rxd4 48.Ra6 g5 49.Rf6 Rd2+ 50.Kf1 Ke7
51.Rxh6 Rd6 52.Rh5 Kf6 53.h4 gxh4 54.Rxh4 Rd3 55.Kf2 Rd2+ 56.Kf1 e3 57.Rh8 Ke5
58.Rh4 Rd4 59.Rh8 Ke4 60.Rh4+ Kd3 61.Rh8 Kd2 62.Re8 f4 63.gxf4 Rxf4+ 64.Kg2 Ke2
65.Kh3 Rf5 66.Kg2 Rf7 67.Rg8 Rd7 68.Rg6 Kd2 69.Ra6 e2 70.Ra2+ Ke3 71.Ra3+ Rd3  0-1

[Event "Gibraltar Open"]
[Site "Caleta ENG"]
[Date "2012.01.31"]
[Round "8.29"]
[White "Wantiez,F"]
[Black "Kanep,M"]
[Result "1/2-1/2"]
[WhiteElo "2366"]
[BlackElo "2509"]

1.e4 c5 2.Nf3 Nc6 3.Bb5 g6 4.b3 Bg7 5.Nc3 Nf6 6.Bxc6 dxc6 7.Qe2 Nh5 8.O-O O-O
9.Bb2 e5 10.Qe3 Qe7 11.a4 a5 12.d3 b6 13.Nd2 Rb8 14.Nc4 Bf6 15.g3 Ng7 16.Ne2 Bh3
17.Rfe1 Bd7 18.f4 exf4 19.Bxf6 Qxf6 20.Qxf4 Qxf4 21.Nxf4 Rfd8 22.Re2 Bg4
23.Rf2 Re8 24.Raf1 Re7 25.h3 Bd7 26.Kg2 f5 27.exf5 Nxf5 28.g4 Ne3+ 29.Nxe3 Rxe3
30.Ne2 Be6 31.Nc3 Bd5+ 32.Nxd5 cxd5  1/2-1/2

[Event "ch-TUR 2012"]
[Site "Kemer TUR"]
[Date "2012.01.31"]
[Round "4"]
[White "Sabahi,A"]
[Black "Erturan,Y"]
[Result "1/2-1/2"]
[WhiteElo "1960"]
[BlackElo "2372"]

1.e4 c5 2.Nf3 Nc6 3.Bb5 g6 4.Bxc6 bxc6 5.d3 Bg7 6.O-O d6 7.Nbd2 Nh6 8.Nb3 O-O
9.Bd2 f5 10.Ba5 Qd7 11.e5 dxe5 12.Bc3 Qd6 13.Re1 Nf7 14.Qe2 c4 15.dxc4 e4
16.Rad1 Qc7 17.Nfd4 a5 18.Nc5 Nd8 19.Qd2 Qa7 20.Nxc6 Bxc3 21.bxc3 Qxc5 22.Nxd8 Qxc4
23.Qg5 Qc7 24.Qd2 Ra6 25.Qd5+ e6 26.Qd4 Ra8 27.Qd6 Qxd6 28.Rxd6 Kg7 29.Red1 Kf6
30.c4 Re8 31.c5 Ra7 32.c6 Rc7 33.c4 Ba6 34.c5 Bd3 35.f4 a4 36.Rd7 Re7 37.Rd6 Rc8
38.Kf2 Re8 39.Nb7 g5 40.g3 h6 41.Rc1 Bb5 42.Na5 Ra8 43.Nc4 Bxc4 44.Rxc4 Rec8
45.Ke3 Ra6 46.Kd4 a3 47.Rc3 Rc7 48.Kc4 Raxc6 49.Rxc6 Rxc6 50.Kb5 Rc8 51.Rxa3 Rb8+
52.Kc4 Rb2 53.c6 Ke7 54.Rc3 Kd6 55.Kd4 Rb4+ 56.Ke3 Kc7 57.a3 Ra4 58.fxg5 hxg5
59.h4 gxh4 60.gxh4 e5 61.h5 f4+ 62.Ke2 Ra8 63.Rc5 Rxa3 64.Rxe5 Ra2+ 65.Ke1 Ra1+
66.Kf2 e3+ 67.Kg2 Kxc6 68.h6 Ra2+ 69.Kf3 Rh2 70.Ke4  1/2-1/2

[Event "ch-TUR 2012"]
[Site "Kemer TUR"]
[Date "2012.01.31"]
[Round "5"]
[White "Firat,B"]
[Black "Comez,K"]
[Result "1-0"]
[WhiteElo "2396"]
[BlackElo "2186"]

1.e4 c5 2.Nf3 Nc6 3.Bb5 g6 4.Bxc6 dxc6 5.d3 Bg7 6.h3 Nf6 7.Nc3 O-O 8.Bf4 Qa5
9.Qd2 c4 10.O-O cxd3 11.cxd3 Rd8 12.d4 Qh5 13.Qe3 h6 14.Bc7 Re8 15.Be5 g5
16.Nh2 g4 17.hxg4 Nxg4 18.Nxg4 Bxg4 19.Bxg7 Kxg7 20.f3 Be6 21.Ne2 Kh7 22.Nf4 Qg5
23.Rac1 Bxa2 24.Rc3 e5 25.dxe5 Rxe5 26.Rf2 Be6 27.g4 Ra5 28.Rh2 Ra1+ 29.Kg2 Bxg4
30.fxg4 Qxg4+ 31.Qg3 Qd1 32.Qf2 Rg8+ 33.Rg3 Rc1 34.Ne2 Rxg3+ 35.Kxg3 Qd6+
36.Qf4 Qg6+ 37.Kf2 Rc4 38.Nc3 Rb4 39.Kf1 Qe6 40.Rg2 Qc4+ 41.Ke1 Qe6 42.Qb8 Rxe4+
43.Kd2 Qd7+ 44.Kc2 Re8 45.Qf4 f5 46.Rd2 Qf7 47.Rd6 Re6 48.Rd8 Re8 49.Rd6 Re6
50.Rd8 Re8 51.Rd4 c5 52.Rd5 Re2+ 53.Kc1 Re1+ 54.Kd2 Re4 55.Qxf5+ Qxf5 56.Rxf5 Rb4
57.Kc2 c4 58.Rc5 Kg6 59.Rc7 a6 60.Nd5 Rb5 61.Nf4+ Kf5 62.Rxc4 b6 63.Rd4 Ke5
64.Ra4 Rc5+ 65.Kd2 Rb5 66.Nd3+ Kd5 67.Rxa6 Kc4 68.Ra4+ Kb3 69.Rh4 h5 70.Rf4 Rd5
71.Rb4+ Ka2 72.Rxb6 Rg5 73.Kc2 Rg2+ 74.Kc3 Kb1 75.b4 h4 76.Rh6 Rh2 77.b5 h3
78.b6 Rc2+ 79.Kd4  1-0